000 00652nam a2200277Ia 4500
005 20260324114124.0
008 008 260324s9999 xx 000 0 eng d
020 _a9781003309475
037 _aEBOOK
040 _aCRL
040 _beng
040 _cCRL
041 _2eng
041 _aeng
084 _qCRL
100 _aVivekanand Sadashiv Vadke
_91149517
245 0 _aPrinciples of Vegetable Oil Extraction
260 _bTaylor and Francis
260 _c2023
365 _a
365 _b305
856 _uhttp://www.taylorfrancis.com/books/9781003309475
942 _cEBOOK
999 _c1739521
_d1739521